00678nam a2200169 i 450000100060000000300090000600500170001500700030003200800410003510000350007624501070011126000740021830000450029285200320033799900170036995201220038629206ES-MaACL20230906154005.0t|030121s1968 sp ||||1| spa d1 aBallarin Cornel, Angel.92497513aEl valle de Benasque b: formación, pasado, presente y porvenir del valle / cAngel Ballarin Cornel. a[S.l. : bs.n., c1968] (eZaragoza : fTall. Gráf. "La Editorial") a207 p., 30 lám. : b15 map. ; c21 cm. aES-MaACLjC-49812 bR.66580 c29206d29206 00104070aATENEOMbATENEOMcDEPO2d2008-01-17eSCl0oC-49812p1030151r2023-02-23 00:00:00w2023-02-23yMONOGRAFIA